Dictionnaire des synonymes Toute les nuances de la langue francaise
Ce livre permettra de saisir toutes les nuances entre les divers synonymes pour enrichir le vocabulaire, éviter les répétitions, préciser la pensée et affiner le discours
Sparad:
| Huvudupphovsman: | |
|---|---|
| Materialtyp: | Bok |
| Språk: | Undetermined |
| Publicerad: |
Alleur, Belgique
Marabout
1981
|
| Ämnen: | |
| Taggar: |
Lägg till en tagg
Inga taggar, Lägg till första taggen!
|
| Thư viện lưu trữ: | Trung tâm Học liệu Trường Đại học Cần Thơ |
|---|
| LEADER | 00779nam a2200217Ia 4500 | ||
|---|---|---|---|
| 001 | CTU_28411 | ||
| 008 | 210402s9999 xx 000 0 und d | ||
| 082 | |a 443.1 | ||
| 082 | |b Y67 | ||
| 100 | |a Younes, Georges | ||
| 245 | 0 | |a Dictionnaire des synonymes | |
| 245 | 0 | |b Toute les nuances de la langue francaise | |
| 245 | 0 | |c Georges Younes | |
| 260 | |a Alleur, Belgique | ||
| 260 | |b Marabout | ||
| 260 | |c 1981 | ||
| 520 | |a Ce livre permettra de saisir toutes les nuances entre les divers synonymes pour enrichir le vocabulaire, éviter les répétitions, préciser la pensée et affiner le discours | ||
| 650 | |a French language,French language | ||
| 650 | |x Synonyms and antonyms | ||
| 904 | |i Huỳnh Mai | ||
| 980 | |a Trung tâm Học liệu Trường Đại học Cần Thơ | ||